000 00280 a2200145 4500
001 64431
020 _a23170956
040 _cAnchieta - Pituba
240 1 0 _aEntreideias
_lpor
245 1 0 _aEntreideias
300 _a183
362 0 _a2014
650 4 _aEducação
942 _cBK
999 _c64431
_d64431